Study skills for Chinese students

Saved in:
Bibliographic Details
Main Author: COURTNEY, Mike
Format: Book
Language:English
Published: Sage Publications, 2015.
Tags: Add Tag
No Tags, Be the first to tag this record!

MARC

LEADER 00000nam a22000007a 4500
008 210819b ||||| |||| 00| 0 eng d
020 |a 978-1-4462-9450-5 
100 |a COURTNEY, Mike. 
245 |a Study skills for Chinese students  |c Mike Courtney & Xiangping Du.  |e Sage study skills  |g xxi, 260p. : ill. 
260 |b Sage Publications,   |c 2015.  |h Los Angeles:   |i 693453   |i 693454  |l LC3085 .G7C83  |m Chinese students – Great Britain.  |m Study skills – Great Britain.   |m Education, Bilingual – Great Britain. 
500 |a “It includes index” 
942 |a lcc  |c BK  |e Adeniran F. A  |f 19/08/2021 
952 |0 0  |1 0  |2 lcc  |4 0  |6 LC3085 G7 C83  |7 0  |9 3153  |a HOL  |b ED  |c LP  |d 2021-08-19  |l 0  |o LC3085 .G7C83  |p 2021-66851  |r 2021-08-19 00:00:00  |w 2021-08-19  |y BK 
952 |0 0  |1 0  |2 lcc  |4 0  |6 LC3085 G7 C83  |7 0  |9 3154  |a HOL  |b HOL  |c LP  |d 2021-08-19  |l 0  |o LC3085 .G7C83  |p 2021-66852  |r 2021-08-19 00:00:00  |w 2021-08-19  |y BK 
999 |c 1595  |d 1595